Entrepreneurship in action (Record no. 152956)
[ view plain ]
| 000 -LEADER | |
|---|---|
| fixed length control field | 00585nam a22002057a 4500 |
| 005 - DATE AND TIME OF LATEST TRANSACTION | |
| control field | 20181218124639.0 |
| 010 ## - LCCN (DPL NO) | |
| LC control number | B-167554 |
| 020 ## - INTERNATIONAL STANDARD BOOK NUMBER | |
| Terms of availability | 275.00 |
| International Standard Book Number | 8120328086 |
| 035 ## - SYSTEM CONTROL NUMBER | |
| System control number | B-167554, B-167548 |
| 037 ## - SOURCE OF ACQUISITION | |
| Source of stock number/acquisition | BPPD/PUB |
| 082 ## - DEWEY DECIMAL CLASSIFICATION NUMBER | |
| Classification number | 658.421 |
| Item number | COU |
| 100 ## - MAIN ENTRY--PERSONAL NAME | |
| Personal name | Coulter, Mary |
| 245 ## - TITLE STATEMENT | |
| Title | Entrepreneurship in action |
| Statement of responsibility, etc | by Mary Coulter |
| 260 ## - PUBLICATION, DISTRIBUTION, ETC. (IMPRINT) | |
| Place of publication, distribution, etc | New Delhi |
| Name of publisher, distributor, etc | Printice-Hall of India |
| Date of publication, distribution, etc | 2006 |
| 270 ## - ADDRESS | |
| Address | M-97, Cannaught Circus |
| City | New Delhi |
| Postal code | 110001 |
| 300 ## - PHYSICAL DESCRIPTION | |
| Extent | xx,384p. |
| Dimensions | 24cm(pbk) |
| 500 ## - GENERAL NOTE | |
| General note | Includes index<br/> |
| 942 ## - ADDED ENTRY ELEMENTS (KOHA) | |
| Source of classification or shelving scheme | Dewey Decimal Classification |
| Item type | English Books |
| Classification part | 658.421 |
| Call number suffix | COU |
| Withdrawn status | Lost status | Not for loan | Collection code | Home library | Current library | Date acquired | Source of acquisition | Cost, normal purchase price | Full call number | Barcode | Cost, replacement price | Koha item type |
|---|---|---|---|---|---|---|---|---|---|---|---|---|
| Non-fiction | Patel Nagar | Patel Nagar | 10/07/2018 | BPPD/PUB | 275.00 | 658.421 COU | B-167548 | 275.00 | English Books | |||
| Non-fiction | Shahdara Branch | Shahdara Branch | 22/06/2018 | BPPD/PUB | 275.00 | 658.421 COU | B-167554 | 275.00 | English Books |
